000 00619nam a2200217 i 4500
001 74891
003 ES-MaACL
005 20230906172258.0
007 t|
008 040921s1955 sp ||||1| spa d
100 1 _aGordon, Richard.
_959165
245 1 3 _aEl doctor en su casa /
_cRichard Gordon ; [versión española, Mischa].
250 _a[1ª ed.].
260 _aMadrid :
_bTaurus,
_c[1955] (
_fNuevas Gráficas)
300 _a205 p. ;
_c19 cm.
490 1 _aCon el tiempo
700 1 _aMischa.
_981640
830 0 _aCon el tiempo
_9183469
852 _aES-MaACL
_jC-10595
_bR.38032
999 _c74891
_d74891